000 00537nam a2200205 a 4500
001 BRCA_4040
005 20190320204526.0
008 110210s1962----nyu#######---#000-0#eng-#
041 _aeng
044 _anyu
050 4 _aPZ3
_b.H34 1962
100 1 _aHalliday, Brett.
_95028
245 1 0 _aPay-off in blood
_bMichael Shayne´s 42nd case
_cBrett Halliday.
260 _aNueva York
_bDodd, Mead and Co.
_cc1962
300 _a184 p.
_c21 cm.
500 _aCEF29
650 1 4 _aNovelas policíacas
_9877
902 _aGFM
942 _2lcc
_cB
999 _c3764
_d3764